Adivina la colaboración de BAD BUNNY - Estadísticas

Estadísticas generales
  • Esta prueba ha sido intentada 81 veces
  • La puntuación promedio es 10 de 12
Estadísticas de respuestas
Hint Respuesta % Correcto
LA CANCIÓN J Balvin
97%
MIA Drake
91%
PERRO NEGRO Feid
87%
DÁKITI Jhayco
87%
LA NOCHE DE ANOCHE Rosalía
87%
Mayores Becky G
86%
ADIVINO Myke Towers
84%
Party Rauw Alejandro
83%
Me Porto Bonito Chencho Corleone
80%
MOJABI GHOST Tainy
79%
Hasta Que Dios Diga Anuel AA
76%
Kemba Walker Eladio Carrion
71%
No se encontraron pruebas coincidentes
Distribución de puntuación
Porcentaje de gente con cada puntuación
Porcentaje por número respondido
Historial de tus puntuaciones
No has intentado esta prueba.